Loading...
| Science - Other Science | 0 | 8 | 0 | 3 | 80 | 45 | 85.88 | 0 | 4 |
| Science - Physics | 0 | 4 | 0 | 0 | 40 | 83 | 91.75 | 0 | 2 |
| Fine Arts - Classical Music | 0 | 2 | 0 | 0 | 20 | 101 | 106.50 | 1 | 2 |
| Literature - European Literature | 0 | 2 | 0 | 0 | 20 | 58 | 100.50 | 0 | 1 |
| Literature - World Literature | 0 | 2 | 0 | 0 | 20 | 60 | 84.00 | 1 | 2 |
| Religion | 0 | 2 | 0 | 0 | 20 | 72 | 105.00 | 1 | 1 |
| Science - Chemistry | 0 | 2 | 0 | 1 | 20 | 61 | 90.00 | 0 | 2 |
| Social Science | 0 | 2 | 0 | 0 | 20 | 52 | 75.50 | 0 | 2 |
| Literature - British Literature | 0 | 1 | 0 | 1 | 10 | 142 | 142.00 | 0 | 0 |
| History - Other History | 0 | 1 | 0 | 0 | 10 | 108 | 108.00 | 0 | 1 |
| Fine Arts - Painting and Sculpture | 0 | 1 | 0 | 0 | 10 | 113 | 113.00 | 0 | 1 |
| Mythology | 0 | 1 | 0 | 0 | 10 | 108 | 108.00 | 0 | 0 |
| Philosophy | 0 | 1 | 1 | 1 | 5 | 137 | 137.00 | 0 | 0 |